| 000 | 00817nam a22002777a 4500 | ||
|---|---|---|---|
| 003 | CHAP | ||
| 005 | 20220329135642.0 | ||
| 008 | 971013s1953 r 00010 d | ||
| 010 | _a39983 | ||
| 011 | _a40955 | ||
| 035 | _a45081 | ||
| 040 | _cCHAP | ||
| 082 |
_a668.4 _bF54 |
||
| 100 | 0 | 0 |
_aFleck, H. Ronald. _941240 |
| 245 | _aPlásticos, su estudio científico y tecnológico | ||
| 260 |
_aBarcelona : _bG. Gill, _c1953 |
||
| 300 |
_a470 p. _b: ilus. |
||
| 590 |
_aBATCH-UPD _b10 _c20130110 _lUCH01 _h1847 |
||
| 590 |
_aBATCH-UPD _b10 _c20130410 _lUCH01 _h1217 |
||
| 590 |
_aBATCH-UPD _b10 _c20130914 _lUCH01 _h1921 |
||
| 590 |
_aCONVERSION _b10 _c20130109 _lUCH01 _h1322 |
||
| 650 | 1 | 4 |
_aPlásticos. _989196 |
| 901 | _aBK | ||
| 942 | _cLIBRO | ||
| 949 |
_a668.4 F54 _bBC _cLIBRO _d33724000145991 _eLIBRO _h25370 _i45081 _si |
||
| 999 |
_c39983 _d39983 |
||